000 00636nam a2200229Ia 4500
005 20230502142412.0
008 140110s9999 xx 000 0 und d
020 _a9789380184036
_cRs.675.00
040 _aLoreto College
041 _aEnglish
082 _a658.022
_bKHA
100 _aKhari,D.S.
245 _aWomen empowerment through entrepreneurship development
_cD.S. Khari
250 _a1st ed.
260 _aNew Delhi
_bAlp books
_c2009
300 _a234p.
504 _aIncludes bibliographical references and index
650 _aEntrepreneurship
651 _aWomen-Entrepreneurship
850 _aLCLIB
942 _cBK
999 _c36685
_d87164